000
00274nam a2200121Ia 4500
008
140130s9999 xx 000 0 und d
245
_c
Paulsen, Gary
_a
Guts
260
_b
Scholastic,
_c
2001
440
_v
1
521
_a
Grade 10 - Grade 15
942
_c
BK
999
_c
41443
_d
41443